000
00369nam a2200145Ia 4500
008
231129s1996||||xx |||||||||||||| ||spa||
020
_a
959-04-0044-2
040
_b
spa
082
_a
A862.44 A461s
100
_a
Alsina Carlos Maria
245
0
_a
El sueƱo inmovil
260
_c
1996
264
_a
Colcultura
942
_2
ddc
_c
BKS
999
_c
12490
_d
12490